| 000 | 00986nam a2200277 a 4500 | ||
|---|---|---|---|
| 001 | 41161 | ||
| 003 | (BD-RJUL) | ||
| 005 | 20211209053336.0 | ||
| 008 | 160516s2009 ii b 001 0 eng d | ||
| 020 |
_a9780195694956 (hbk.) _c: IRs. 695.00 |
||
| 020 |
_a0195694953 (hbk.) _c: IRs. 695.00 |
||
| 035 | _a(BD-RJUL)41277 | ||
| 040 |
_aStDuBDS _beng _cStDuBDS _dUkOxU _dBD-RJUL |
||
| 041 | _aeng | ||
| 082 | 0 | 4 |
_a302.23088297 _223 _bMUS 2009 |
| 245 | 0 | 0 |
_aMuslims and Media Images : _bNews versus views / _cedited by Ather Farouqui |
| 260 |
_aNew Delhi : _bOxford University Press, _c2009. |
||
| 300 |
_axiv, 354 p. ; _c23 cm. |
||
| 504 | _aIncludes bibliographical references and index. | ||
| 650 | 0 |
_aMass media _xObjectivity _zIndia. _9126611 |
|
| 650 | 0 |
_aMuslims _zIndia _xPublic opinion. _9126612 |
|
| 650 | 0 |
_a Muslims _xPress coverage _zIndia. _9233955 |
|
| 650 | 0 |
_aMuslims in popular culture _zIndia. _9233956 |
|
| 700 | 1 |
_aFārouqui, At̤her, ed. _9126615 |
|
| 942 |
_2ddc _cBK |
||
| 999 |
_c41161 _d41161 |
||